000 00510nam a2200169Ia 4500
003 GCL
008 140319s9999 xx 000 0 ara d
040 _aGCL /
_cGCL
082 0 4 _aط
_b813.01
_bل ا
100 1 _aلجنة التاليف والترجمة
245 1 0 _aالاسد والارنب الشجاع /
_cلجنة التاليف والترجمة
300 _a16 ص
490 _aقصص للتلوين
_v0
650 0 4 _aتعليم الاطفال
650 0 4 _aقصص الاطفال
942 _2ddc
_cBK
999 _c51284
_d51284